Blood canticle
Salvato in:
| Autore principale: | |
|---|---|
| Natura: | Libro |
| Lingua: | Undetermined |
| Pubblicazione: |
New York
Random House Audio
2003
|
| Soggetti: | |
| Tags: |
Aggiungi Tag
Nessun Tag, puoi essere il primo ad aggiungerne! !
|
| Thư viện lưu trữ: | Trung tâm Học liệu Trường Đại học Cần Thơ |
|---|
| LEADER | 00658nam a2200193Ia 4500 | ||
|---|---|---|---|
| 001 | CTU_172255 | ||
| 008 | 210402s9999 xx 000 0 und d | ||
| 020 | |c 5.38 | ||
| 082 | |a 813.54 | ||
| 082 | |b R495/CD.4 | ||
| 100 | |a Rice, Anne | ||
| 245 | 0 | |a Blood canticle | |
| 245 | 0 | |c Anne Rice | |
| 260 | |a New York | ||
| 260 | |b Random House Audio | ||
| 260 | |c 2003 | ||
| 650 | |a Lestat (Nhân vật hư cấu),Lestat (Fictitious character),Mayfair family (Fictitious characters),Gia đình Mayfair (Nhân vật hư cấu),Vampires,Ma cà rồng | ||
| 904 | |i Hồng Cẩm, Năm | ||
| 980 | |a Trung tâm Học liệu Trường Đại học Cần Thơ | ||